000 00874nam0a22002531 4500
001 rc\2901905
005 20250806211306.0
035 _a(NLR Aleph) 007053192
090 _a43553
_c43553
100 _a20110802d1943 u y0rusy50 ca
101 0 _arus
102 _aRU
105 _ay z |||||
200 1 _aКлятва уральцев товарищу Сталину
_fВ. Андрианов, секретарь Свердл. обкома ВКП(б)
210 _aМосква
_cОгиз
_cГосполитиздат
_d1943
215 _a29, [2] с.
_d17 см
700 1 _aАндрианов
_bВ.М.
_f1902-1978
_gВасилий Михайлович
801 0 _aRU
_bNLR
_gpsbo
801 1 _aRU
_bELAR
_2rusmarc
852 _aNLR
_jЭк 74 Г-2/20
942 _cBOOK
945 _aРоссийская национальная библиотека
980 _aNB
980 _aBV